[Event "COL-ch deaf 2nd"]
[Site "Cali"]
[Date "2008.??.??"]
[Round "1.5"]
[White "Padilla, Osnaider Manuel"]
[Black "Cardenas, Guillermo"]
[Result "0-1"]
[WhiteElo "1600"]
[BlackElo "1600"]
[PlyCount "22"]
[EventDate "2008.10.25"]
[EventType "tourn"]
[EventRounds "7"]
[EventCountry "COL"]
[SourceTitle "EXT 2024"]
[Source "ChessBase"]
[SourceDate "2023.10.10"]
[SourceVersion "1"]
[SourceVersionDate "2023.10.10"]
[SourceQuality "1"]

1. e4 c5 2. Nc3 e6 3. Nf3 a6 4. d4 b5 5. dxc5 Bxc5 6. Qd3 Bb7 7. Ne5 Qf6 8. Ng4 Qh4 9. Be2 Qxg4 10. Bf3 Qxf3 11. Qe2 Nc6 0-1